MARC details
| 000 -LEADER |
| fixed length control field |
02132nam a22003617a 4500 |
| 001 - CONTROL NUMBER |
| control field |
100337 |
| 003 - CONTROL NUMBER IDENTIFIER |
| control field |
KnowledgeUnlatched |
| 005 - DATE AND TIME OF LATEST TRANSACTION |
| control field |
20210303105352.0 |
| 006 - FIXED-LENGTH DATA ELEMENTS--ADDITIONAL MATERIAL CHARACTERISTICS |
| fixed length control field |
m o d |
| 007 - PHYSICAL DESCRIPTION FIXED FIELD--GENERAL INFORMATION |
| fixed length control field |
cr u|||||||||| |
| 008 - FIXED-LENGTH DATA ELEMENTS--GENERAL INFORMATION |
| fixed length control field |
210129p20052017xxu o u00| u eng d |
| 035 ## - SYSTEM CONTROL NUMBER |
| System control number |
(OCoLC)987455594 |
| 037 ## - SOURCE OF ACQUISITION |
| Institution to which field applies |
BiblioBoard |
| 020 ## - INTERNATIONAL STANDARD BOOK NUMBER |
| International Standard Book Number |
9781607327080 |
| 029 1# - OTHER SYSTEM CONTROL NUMBER (OCLC) |
| OCLC library identifier |
https://library.biblioboard.com/ext/api/media/abf6eb77-85b8-4300-b016-afc5496a402a/assets/thumbnail.jpg |
| 040 ## - CATALOGING SOURCE |
| Original cataloging agency |
ScCtBLL |
| Transcribing agency |
ScCtBLL |
| 100 1# - MAIN ENTRY--PERSONAL NAME |
| Personal name |
Bryant, Michael S. |
| Relator term |
author. |
| 245 00 - TITLE STATEMENT |
| Title |
Confronting the "Good Death" |
| Remainder of title |
Nazi Euthanasia on Trial, 1945-1953 / |
| Statement of responsibility, etc. |
Michael S. Bryant. |
| 264 #1 - PRODUCTION, PUBLICATION, DISTRIBUTION, MANUFACTURE, AND COPYRIGHT NOTICE |
| Name of producer, publisher, distributor, manufacturer |
University Press of Colorado, |
| 300 ## - PHYSICAL DESCRIPTION |
| Extent |
1 online resource (281 p.) |
| 506 0# - RESTRICTIONS ON ACCESS NOTE |
| Terms governing access |
Access copy available to the general public. |
| Standardized terminology for access restriction |
Unrestricted |
| Source of term |
star |
| 520 ## - SUMMARY, ETC. |
| Summary, etc. |
"The scholarship devoted to the complicity of German physicians in the Holocaust is rich and detailed, but there remains, as Michael Bryant demonstrates, still more to learn. It is well established that the techniques employed by the Nazis to exterminate Jews and others in concentration camps were first applied to people in state hospitals who were deemed mentally disabled or terminally ill. What has been less thoroughly investigated is the postwar response of both the Allies and the Germans to these atrocities. Bryant fills the gap with a systematic account of the judicial proceedings against those charged with killing the disabled." New England Journal of Medicine |
| 588 0# - SOURCE OF DESCRIPTION NOTE |
| Source of description note |
Description based on print version record. |
| 590 ## - LOCAL NOTE (RLIN) |
| Local note |
KU Select 2016 Backlist Collection |
| 650 #7 - SUBJECT ADDED ENTRY--TOPICAL TERM |
| Topical term or geographic name entry element |
History / Military / World War Ii |
| Source of heading or term |
bisacsh |
| 650 #0 - SUBJECT ADDED ENTRY--TOPICAL TERM |
| Topical term or geographic name entry element |
History |
| 655 #0 - INDEX TERM--GENRE/FORM |
| Genre/form data or focus term |
Electronic books. |
| 758 ## - |
| -- |
Is found in: |
| -- |
Knowledge Unlatched |
| -- |
https://openresearchlibrary.org/module/2774bc74-146a-484f-a7ba-ab1d6a09bbfb |
| 856 40 - ELECTRONIC LOCATION AND ACCESS |
| Uniform Resource Identifier |
<a href="https://openresearchlibrary.org/content/abf6eb77-85b8-4300-b016-afc5496a402a">https://openresearchlibrary.org/content/abf6eb77-85b8-4300-b016-afc5496a402a</a> |
| Public note |
View this content on Open Research Library. |
| -- |
0 |